医行天下(下) (Record no. 63428)

000 -LEADER
fixed length control field 00465nam a22001937a 4500
003 - CONTROL NUMBER IDENTIFIER
control field MPLRDC
005 - DATE AND TIME OF LATEST TRANSACTION
control field 20220104185642.0
008 - FIXED-LENGTH DATA ELEMENTS--GENERAL INFORMATION
fixed length control field 210129b ||||| |||| 00| 0 eng d
020 ## - INTERNATIONAL STANDARD BOOK NUMBER
International Standard Book Number 986-6362-08-8
082 ## - DEWEY DECIMAL CLASSIFICATION NUMBER
Classification number 413.97 XHC-2
100 ## - MAIN ENTRY--PERSONAL NAME
Personal name 萧宏慈
245 ## - TITLE STATEMENT
Title 医行天下(下)
Statement of responsibility, etc.
250 ## - EDITION STATEMENT
Edition statement 初版三十刷
260 ## - PUBLICATION, DISTRIBUTION, ETC.
Place of publication, distribution, etc. 台湾
Name of publisher, distributor, etc. 橡实文化
Date of publication, distribution, etc. 2010
300 ## - PHYSICAL DESCRIPTION
Other physical details
490 ## - SERIES STATEMENT
Series statement 医行天下
650 ## - SUBJECT ADDED ENTRY--TOPICAL TERM
Topical term or geographic name entry element 民俗疗法
942 ## - ADDED ENTRY ELEMENTS (KOHA)
Koha item type Book
-- 413.97 XHC-2
Holdings
Withdrawn status Lost status Source of classification or shelving scheme Damaged status Not for loan Collection code Home library Current library Shelving location Date acquired Cost, normal purchase price Total Checkouts Total Renewals Full call number Barcode Date last seen Date last checked out Price effective from Koha item type Public note
            Malaysian Public Library, Research and Development Centre Malaysian Public Library, Research and Development Centre   24/08/2010 41.22   1 413.97 XHC-2 00057614 18/03/2021 30/01/2019 18/03/2021 Book mplrdc

© 2022. Malaysian Public Library, Research and Development Centre. All Right ReservedE-mailmplrdc@help.edu.my 

Powered by Koha